|
|
|
|
| LEADER |
00000cam a22000004a 4500 |
| 001 |
musev2_13738 |
| 003 |
MdBmJHUP |
| 005 |
20230905041519.0 |
| 006 |
m o d |
| 007 |
cr||||||||nn|n |
| 008 |
120608r20122011pau o 00 0 eng d |
| 020 |
|
|
|a 9780822978169
|
| 020 |
|
|
|z 9780822962007
|
| 035 |
|
|
|a (OCoLC)809317452
|
| 040 |
|
|
|a MdBmJHUP
|c MdBmJHUP
|
| 050 |
|
4 |
|a PS3554.E73
|b U543 2011
|
| 082 |
0 |
|
|a 811/.54
|2 23
|
| 100 |
1 |
|
|a Derricotte, Toi,
|d 1941-
|
| 245 |
1 |
4 |
|a The Undertaker's Daughter /
|c Toi Derricotte.
|
| 264 |
|
1 |
|a Pittsburgh, Pa. :
|b University of Pittsburgh Press,
|c 2011
|
| 264 |
|
3 |
|a Baltimore, Md. :
|b Project MUSE,
|c 2012
|
| 264 |
|
4 |
|c ©2011
|
| 300 |
|
|
|a 1 online resource (104 pages):
|b digital file.
|
| 336 |
|
|
|a text
|b txt
|2 rdacontent
|
| 337 |
|
|
|a computer
|b c
|2 rdamedia
|
| 338 |
|
|
|a online resource
|b cr
|2 rdacarrier
|
| 490 |
0 |
|
|a Pitt poetry series
|
| 500 |
|
|
|a Issued as part of book collections on Project MUSE.
|
| 505 |
0 |
|
|a The undertaker's daughter: I am not afraid to be memoir ; Burial sites ; The undertaker's daughter ; Sunday afternoons at Claire Carlyle's ; For my unnamed brother (1943-1943) ; Dolls ; Mistrust of the beloved -- A memory of the future: I see my father after his death ; My dad & sardines ; On a picture of the Buddhist monk Pema Chödrön ; On the revolution of the Jersey cows ; The new pet ; The Telly cycle (For Telly the fish ; Special ears ; Another poem of a small grieving for my fish Telly ; On the reasons I loved Telly the fish ; Because I was good to Telly in his life ; An apology to Telly the revolutionary) ; When the goddess makes love to me ; Untitled ; The night I stopped singing like Billie Holiday ; When I touched her ; The iris and chicken fat ; Lighting the tulips ; Gershwin ; A little prayer to Our Lady ; To a cruel lover ; Cherry blossoms ; How Craig Foster enabled me to write the poems I'm writing now & gave me this voice -- The undertaking: The exigencies of form ; The undertaking.
|
| 506 |
|
|
|a Access restricted to authorized users and institutions.
|
| 588 |
|
|
|a Description based on print version record.
|
| 650 |
|
0 |
|a American poetry.
|
| 650 |
|
0 |
|a American poetry
|x Women authors.
|
| 650 |
|
0 |
|a Poetry
|y 21st century.
|
| 650 |
|
0 |
|a Poetry.
|
| 650 |
|
0 |
|a American poetry
|y 21st century.
|
| 655 |
|
7 |
|a Electronic books.
|2 local
|
| 710 |
2 |
|
|a Project Muse.
|
| 776 |
1 |
8 |
|i Print version:
|z 822962004
|z 9780822962007
|
| 710 |
2 |
|
|a Project Muse.
|e distributor
|
| 830 |
|
0 |
|a Pitt poetry series.
|
| 830 |
|
0 |
|a Book collections on Project MUSE.
|
| 856 |
4 |
0 |
|z Texto completo
|u https://projectmuse.uam.elogim.com/book/13738/
|
| 945 |
|
|
|a Project MUSE - Custom Collection
|
| 945 |
|
|
|a Project MUSE - 2011 Complete
|
| 945 |
|
|
|a Project MUSE - 2011 Poetry, Fiction and Creative Non-Fiction
|